Vybrané spoločenské súvislosti trhu

Salvato in:
Dettagli Bibliografici
Autore principale: Horeháj, Jozef
Natura: Libro
Lingua:slovacco
inglese
Pubblicazione: Banská Bystrica Univerzita Mateja Bela, Ekonomická fakulta v Banskej Bystrici 2008
Soggetti:
Tags: Aggiungi Tag
Nessun Tag, puoi essere il primo ad aggiungerne!!

MARC

LEADER 00000nam$a2200000$$$4500
001 0093512
005 20230118114206.4
020 |a 978-80-8083-677-1 
041 0 |a slo 
041 0 |a eng 
044 |a SK 
245 1 0 |a Vybrané spoločenské súvislosti trhu  |c Jozef Horeháj 
264 1 |a Banská Bystrica  |b Univerzita Mateja Bela, Ekonomická fakulta v Banskej Bystrici  |c 2008 
300 |a 80 s. 
610 2 0 |a trh 
610 2 0 |a štát 
610 2 0 |a obchod 
610 2 0 |a ceny 
610 2 0 |a konkurencia 
610 2 0 |a peniaze 
610 2 0 |a zlyhanie trhu 
610 2 0 |a krajiny tranzitívne 
100 1 |a Horeháj, Jozef